000 00661nam a22002057a 4500
999 _c4658
_d4658
003 AR-CdUCM
008 190311b ||||| |||| 00| 0 spa d
040 _aMUNICIPALIDAD PROVINCIAL DEL CUSCO
_cBIBLIOTECA MUNICIPAL DEL CUSCO
082 _26ed.
_a983.021 /
_bEY98.
100 _aEyzaguirre, Jaime
_914494
245 _aVentura de Pedro de Valdivia /
260 _aSantiago de Chile :
_bZig-Zag ;
_c1963.
300 _a206 páginas ;
_c21cm
440 _aColección Historia y Documentos
_914495
505 _aContenido : Historia de América del Sur
650 _aHistoria
_9136
650 _aAmérica del sur
_9742
942 _2ddc
_cLIBROS
945 _anom